[Event "Andalucia-ch U16 1011"]
[Site "Almeria"]
[Date "2011.03.25"]
[Round "1.6"]
[White "Romero Lopez, Cristina"]
[Black "Martinez Munoz, Guillermo"]
[Result "1-0"]
[WhiteElo "1907"]
[BlackElo "1553"]
[PlyCount "50"]
[EventDate "2011.03.25"]
[EventType "swiss"]
[EventRounds "9"]
[EventCountry "ESP"]
[SourceTitle "EXT 2024"]
[Source "ChessBase"]
[SourceDate "2023.10.10"]
[SourceVersion "1"]
[SourceVersionDate "2023.10.10"]
[SourceQuality "1"]

1. e4 c6 2. c4 e5 3. Nf3 d6 4. d4 exd4 5. Nxd4 Nf6 6. Nc3 Be7 7. Be2 0-0 8. 0-0 Re8 9. Re1 d5 10. cxd5 cxd5 11. e5 Ne4 12. Nxe4 dxe4 13. Nb5 a6 14. Nd6 Bxd6 15. Qxd6 Qa5 16. Bd2 Qxe5 17. Qxe5 Rxe5 18. Bd3 Bf5 19. f3 Nc6 20. Bxe4 Bxe4 21. Rxe4 Rxe4 22. fxe4 Rd8 23. Bc3 Nd4 24. Kf2 Nb5 25. Ba5 Rd4 1-0